From Dickens to Hardy / (Record no. 188295)

MARC details
000 -LEADER
campo de control de longitud fija 00667nam a2200205 i 4500
001 - NÚMERO DE CONTROL
campo de control 188295
003 - IDENTIFICADOR DE NÚMERO DE CONTROL
campo de control ES-MaACL
005 - FECHA Y HORA DE LA ÚLTIMA TRANSACCIÓN
campo de control 20230906223149.0
008 - DATOS DE LONGITUD FIJA--INFORMACIÓN GENERAL
campo de control de longitud fija 180723s1968 xxk |||| | eng d
080 ## - NÚMERO DE LA CLASIFICACIÓN DECIMAL UNIVERSAL
Número de la Clasificación Decimal Universal 821.111.09"18"
245 00 - MENCIÓN DEL TÍTULO
Título From Dickens to Hardy /
Mención de responsabilidad, etc. edited by Boris Ford.
260 ## - PUBLICACIÓN, DISTRIBUCIÓN, ETC.
Lugar de publicación, distribución, etc. London :
Nombre del editor, distribuidor, etc. Penguin Books,
Fecha de publicación, distribución, etc. [1968]
300 ## - DESCRIPCIÓN FÍSICA
Extensión 517 p. ;
Dimensiones 18 cm.
490 1# - MENCIÓN DE SERIE
Mención de serie The Pelican guide to English literature ;
Designación de volumen o secuencia 6
650 #4 - PUNTO DE ACCESO ADICIONAL DE MATERIA--TÉRMINO DE MATERIA
Término de materia o nombre geográfico como elemento de entrada Literatura inglesa-
Subdivisión cronológica S.XIX-
Subdivisión general Historia y crítica.
9 (RLIN) 168415
700 1# - ENTRADA AGREGADA--NOMBRE PERSONAL
Nombre de persona Ford, Boris.
9 (RLIN) 165251
830 0# - PUNTO DE ACCESO ADICIONAL DE SERIE-TÍTULO UNIFORME
Título uniforme The Pelican guide to English literature ;
Designación de volumen o secuencia 6
9 (RLIN) 193025
852 ## - LOCALIZACIÓN
Ubicación ES-MaACL
Número de control de estantería L-32128
Holdings
Estatus retirado Estado de pérdida Estado de daño No para préstamo Biblioteca de origen Biblioteca actual Ubicación en estantería Fecha de adquisición Fuente de adquisición Total de préstamos Signatura topográfica completa Código de barras Visto por última vez Precio de reemplazo Tipo de ítem Koha
        Biblioteca del Ateneo de Madrid Biblioteca del Ateneo de Madrid Depósito 2 23/07/2018     L-32128 1199159 23/02/2023 23/02/2023 Libro impreso